00145 a2200073 450000100060000010000130000624500220001926000300004147144 aBlond G aOrdeal Below Zero aLondonbSouvenirs Pressc